| Record ID | ia:inpassionsshadow00duba |
| Source | Internet Archive |
| Download MARC XML | https://archive.org/download/inpassionsshadow00duba/inpassionsshadow00duba_marc.xml |
| Download MARC binary | https://www.archive.org/download/inpassionsshadow00duba/inpassionsshadow00duba_meta.mrc |
LEADER: 00631cam 2200217Ia 4500
001 ocm11644388
003 OCoLC
005 20091117135143.0
008 850131s1984 nyu 000 1 eng d
040 $aRCL$cRCL$dOCLCQ$dYDXCP
020 $a0843921641 (pbk.) :$c$3.95
020 $a9780843921649 (pbk.)
035 $a(OCoLC)11644388
100 1 $aDuBay, Sandra.
245 10 $aIn passion's shadow /$cSandra DuBay.
260 $aNew York :$bDorchester,$cc1984.
300 $a480 p. ;$c18 cm.
500 $a"A Leisure book."
938 $aYBP Library Services$bYANK$n834378
994 $aZ0$bPMR
948 $hNO HOLDINGS IN PMR - 16 OTHER HOLDINGS